00731nam a2200169Ia 4500001001100000003000500011008004100016010001100057040000900068100003800077245022200115260003400337300002000371502010500391700001500496710005000511Para_10301CHAP220125sAbri xx 000 0 und d a205307 cCHAP aGarcía Hernández, Norma Edith aCorrelación de los componentes de resistencia y rendimiento en variedades de trigo (triticum aestivum L.) al tizón foliar causado por Septoria tritici Rob. en Desm /c Norma Edith García Hernández; Director ? aChapingo, Méx. :b el autor a1 CDS ROM ( p.) aTesis (Ing. Agr. Esp. en Parasitología Agrícola). UACh. Departamento Parasitología Agrícola a. Director aUACh. Departamento Parasitología Agrícola